000 00590aam a2200265 4500
005 20250610145725.0
008 150731b xxu||||| |||| 00| 0 spa d
020 _a8475225748
041 _aESP
082 _aCH 861 N454t
100 _aNeruda, Pablo
_918066
245 _aTodo el amor
260 _aEspaña
260 _bVisor
260 _c2005
300 _a348 páginas
490 _aTemática General
490 _aVisor de Poesía
650 _aLITERATURA CHILENA
650 _aPOESÍA
650 _aODAS
650 _aFANTASÍA
650 _aAMOR
942 _cLIT
_2ddc
999 _c496
_d496